[Event "Parana-chT"]
[Site "Sao Jose dos Pinhais"]
[Date "2014.10.16"]
[Round "4.1"]
[White "Mainardes, Christian Jr"]
[Black "Almeida Junior, Alvaro Alves de"]
[Result "0-1"]
[WhiteElo "1675"]
[BlackElo "1881"]
[PlyCount "80"]
[EventDate "2014.10.13"]
[EventType "team-swiss"]
[EventRounds "6"]
[EventCountry "BRA"]
[SourceTitle "EXT 2015"]
[Source "ChessBase"]
[SourceDate "2014.11.20"]
[SourceVersion "1"]
[SourceVersionDate "2014.11.20"]
[SourceQuality "1"]
[WhiteTeam "Manoel Ribas"]
[BlackTeam "Curitiba"]
[WhiteTeamCountry "BRA"]
[BlackTeamCountry "BRA"]

1. e4 c5 2. Nf3 d6 3. d4 cxd4 4. Nxd4 Nf6 5. Nc3 a6 6. Be3 e5 7. Nb3 Be6 8. Nd2 Qc7 9. Bd3 b5 10. a3 Be7 11. 0-0 0-0 12. Be2 Nbd7 13. f4 Nb6 14. f5 Bc4 15. h3 Rac8 16. Rf3 Bxe2 17. Qxe2 Nc4 18. Nxc4 Qxc4 19. Qd3 a5 20. Bg5 b4 21. Bxf6 Bxf6 22. axb4 axb4 23. Nd5 Qxc2 24. Nxf6+ gxf6 25. Rg3+ Kh8 26. Qxd6 Qc5+ 27. Qxc5 Rxc5 28. Ra6 Rc2 29. Rb3 Rg8 30. g3 Rd8 31. Ra1 Rdd2 32. Rxb4 Rg2+ 33. Kf1 Rh2 34. Kg1 Rcg2+ 35. Kf1 Rxg3 36. Ra7 Rd3 37. Ke1 Rdd2 38. Rxf7 Kg8 39. Rxf6 Rc2 40. Kd1 Rcg2 0-1

[Event "Maringa op 4th"]
[Site "Maringa"]
[Date "2014.08.23"]
[Round "7"]
[White "Mainardes, Christian Jr"]
[Black "Boabaid, Jorge Alberto Duard"]
[Result "0-1"]
[WhiteElo "1735"]
[BlackElo "1860"]
[PlyCount "46"]
[EventDate "2014.08.20"]
[EventType "swiss"]
[EventRounds "9"]
[EventCountry "BRA"]
[SourceTitle "EXT 2015"]
[Source "ChessBase"]
[SourceDate "2014.11.20"]
[SourceVersion "1"]
[SourceVersionDate "2014.11.20"]
[SourceQuality "1"]

1. e4 g6 2. d4 d6 3. Nf3 Bg7 4. Be3 Nf6 5. Nc3 0-0 6. h3 a6 7. Qd2 b5 8. Bh6 b4 9. Bxg7 Kxg7 10. Ne2 Nxe4 11. Qxb4 a5 12. Qa3 Nc6 13. Nc3 Nb4 14. Bd3 Nxd3+ 15. cxd3 Nf6 16. 0-0 Nh5 17. Rfe1 Ba6 18. Rac1 Nf4 19. Re3 Nxd3 20. Rd1 Nb4 21. Qb3 Rb8 22. a3 Nd3 23. Qa4 Nxb2 0-1